000
00470nam a2200181Ia 4500
008
151018s9999 xx 000 0 und d
082
_b
RBASDV49039
_a
891.463
100
_a
जाधव वामन
245
_a
अंधार
250
_b
1
260
_b
मेघना
_c
2008
300
_a
76
600
_a
जाधव वामन
630
_a
अंधार
700
_a
जाधव वामन
730
_a
अंधार
942
_c
BOOK
999
_c
1048162
_d
1048159